| 000 | 00355nam a2200145Ia 4500 | ||
|---|---|---|---|
| 008 | 210716s1994 xx 000 0 und d | ||
| 020 | _a8170292719 | ||
| 041 | _aeng | ||
| 082 | _a004.68 NOVE | ||
| 245 | _aNovell's application notes for netware 4.01. | ||
| 250 | _a1 | ||
| 260 |
_aNew Delhi _bBPB Publications _c1994 |
||
| 300 | _a390 | ||
| 650 | _aNone | ||
| 999 |
_c182765 _d182765 |
||